|
|
|
|
| LEADER |
00000nam0a2200000 4500 |
| 001 |
310297 |
| 005 |
20231102002255.0 |
| 020 |
|
|
|a RU
|b 81-67739
|
| 035 |
|
|
|a (RuTPU)RU\TPU\book\335646
|
| 090 |
|
|
|a 310297
|
| 100 |
|
|
|a 20151124d1981 m y0rusy5003 ca
|
| 101 |
0 |
|
|a rus
|
| 102 |
|
|
|a RU
|
| 105 |
|
|
|a a z 000zy
|
| 200 |
1 |
|
|a Вахта Томского Севера. Это книга о прогрессивном методе организации работ в суровых природ. условиях, о трудностях его становления и путях преодоления этих трудностей
|e [сборник]
|
| 210 |
|
|
|a Новосибирск
|c Западно-Сибирское книжное издательство
|d 1981
|
| 215 |
|
|
|a 71 с.
|c 4 л. ил.
|
| 606 |
1 |
|
|a Вахта Томского Севера
|2 stltpush
|3 (RuTPU)RU\TPU\subj\2083
|9 30701
|
| 610 |
1 |
|
|a рабочие поселки, вахтовые
|
| 610 |
1 |
|
|a партийные организации и их работа
|
| 610 |
1 |
|
|a Томская область
|
| 610 |
1 |
|
|a природные ресурсы
|
| 610 |
1 |
|
|a разработка
|
| 610 |
1 |
|
|a вахтовый метод
|
| 610 |
1 |
|
|a бытовое обслуживание
|
| 610 |
1 |
|
|a культурное развитие
|
| 610 |
1 |
|
|a рабочие кадры
|
| 610 |
1 |
|
|a стабилизация
|
| 610 |
1 |
|
|a труднодоступные объекты
|
| 610 |
1 |
|
|a лесная промышленность
|
| 610 |
1 |
|
|a мелиоративное строительство
|
| 610 |
1 |
|
|a речной транспорт
|
| 686 |
|
|
|a Ф61(2Р53)
|2 rubbk
|
| 801 |
|
0 |
|a RU
|b RuMRKP
|c 19950704
|g psbo
|
| 801 |
|
1 |
|a RU
|b 63413507
|c 20151124
|
| 801 |
|
2 |
|a RU
|b 63413507
|c 20190920
|g RCR
|
| 942 |
|
|
|c BK
|